[Event "Presidents Cup "]
[Site "Elista"]
[Date "1998.05.11"]
[Round "2.2"]
[White "Gelfand, Boris"]
[Black "Tiviakov, Sergei"]
[Result "1/2-1/2"]
[WhiteElo "2675"]
[BlackElo "2640"]
[Annotator "Golod,V"]
[PlyCount "45"]
[EventDate "1998.05.07"]
[EventType "k.o."]
[EventRounds "6"]
[EventCountry "RUS"]
[SourceTitle "CBM 065"]
[Source "ChessBase"]
[SourceDate "1998.08.06"]
[SourceVersion "1"]
[SourceVersionDate "1998.08.06"]
[SourceQuality "1"]

1. d4 Nf6 2. c4 e6 3. Nc3 Bb4 4. Qc2 O-O 5. a3 Bxc3+ 6. Qxc3 b6 7. Bg5 Bb7 8.
f3 h6 9. Bh4 d5 10. e3 Nbd7 11. cxd5 $5 (11. Nh3) (11. Bd3) 11... Nxd5 12. Bxd8
Nxc3 13. Bh4 $5 (13. Be7 $6) (13. Bxc7 $5) (13. bxc3 $6 Rfxd8 14. Bd3 c5 15.
Ne2 Rac8 16. Kf2 Kf8 17. Rhc1 Ke7 18. e4 Rc7 19. Ke3 Rdc8 20. Kd2 Nb8 21. Rab1
Ba6 22. Bxa6 Nxa6 23. g3 cxd4 24. cxd4 Rxc1 25. Rxc1 Rxc1 26. Nxc1 {1/2-1/2
Botsari Miladinovic,A-Bojkovic,N/Subotica iztW 1991}) 13... Nd5 14. Bf2 (14.
Kf2 $143 f5 $1 15. Bb5 c6 16. Bc4 e5 17. Ne2 exd4 18. Nxd4 Ne5 $11 {
Dragomarezkij,E-Moizhess,I/Moscow-ch 1992/1/2-1/2 (60)}) 14... f5 $5 {/\ e5-e4}
(14... c5 15. e4 (15. Bb5 N5f6 (15... Rad8 $142 16. Ne2 cxd4 17. Nxd4 a6 18.
Be2 Nc5 19. O-O Na4 20. Rab1 Rc8 21. Rfd1 Rfd8 22. Rd2 Ne7 23. Rbd1 $14 {
Jelen,I-Farago,I/Ljubljana 1997/1-0 (61)}) 16. Ne2 a6 17. Ba4 b5 18. Bc2 cxd4
19. Nxd4 Rac8 20. O-O-O g6 21. e4 Rc7 22. Kb1 Rfc8 23. Rc1 $14 {Ljubojevic,
L-Kramnik,V/Amber-rapid6th 1997/0-1 (63)}) 15... Ne7 (15... Nf4 16. Bb5 Nf6 $5
(16... Rfd8 17. Ne2 (17. g3 $5 Ng6 18. Ne2 cxd4 19. Nxd4 Nde5 20. Rd1 Rxd4 21.
Bxd4 Nxf3+ 22. Ke2 Bxe4 23. Bc3 $13) 17... Nxe2 18. Kxe2 cxd4 19. Bxd4 Rac8 20.
Rac1 Nb8 $1 21. Be3 (21. Rxc8 Rxc8 22. Rd1 Ba6 23. Bxa6 Nxa6 24. Bc3 Nc5 25.
Ke3 Kf8 $10) 21... Nc6 22. Rc3 (22. Rhd1 $5) 22... a6 $1 {+/=/= 1/2-1/2
Brunner,L-Almasi,Z/Horgen-B 1995 (41)}) (16... Rad8 $5 17. g3 (17. Ne2 $5 Nxe2
$2 18. Kxe2 $14) 17... Ng6 18. Rd1 f5 19. exf5 exf5 $13 {0-1 Jelen,I-Onischuk,
A/Vienna op 1996 (34)}) 17. Ne2 Nxe2 18. Kxe2 cxd4 19. Bxd4 Nh5 20. Be3 f5 21.
exf5 Rxf5 22. Bd3 Nf4+ 23. Bxf4 Rxf4 {+/=/=;1/2-1/2 Gurevich,M-Van der Wiel,J/
Antwerpen 1993 (41)}) (15... N5f6 $143 16. dxc5 (16. Ne2 $14) 16... Nxc5 17.
Bxc5 $6 bxc5 18. Rc1 Rac8 19. Bb5 Rfd8 20. Ne2 Rd6 $13 {0-1 James,D-Markowski,
T/Lloyds Bank op 1994 (41)}) 16. Bb5 Nc6 17. Ne2 Rfc8 18. O-O cxd4 19. Nxd4 Nc5
20. Nxc6 {1/2-1/2 Gurevich,M-Polugaevsky,L/New York op 1989}) (14... Rac8 15.
Ne2 $5 (15. e4 Ne7 16. Bb5 c6 17. Ba4 b5 18. Bc2 c5 19. dxc5 Nxc5 20. Ne2 Rfd8
21. Rd1 Rxd1+ 22. Kxd1 a6 23. Kd2 Ng6 24. Bg3 Nd7 25. Rd1 Kf8 {+/=/=
Tunik-Brodsky/Kstovo op/1994}) 15... c5 16. e4 Ne7 17. Nc3 cxd4 18. Bxd4 Nc5
19. Rd1 Nb3 20. Be3 (20. Bxg7 $4 Kxg7 21. Rd7 Nc6 22. Rxb7 Nc5 $19) 20... Rfd8
$11 {Ruzele,D-Onischuk,A/EUCup Gr3 1994/1/2-1/2 (52)}) (14... Rfc8 15. e4 Ne7
16. Bb5 $5 (16. Ne2 c5 17. Nc3 cxd4 18. Bxd4 Nc6 19. Be3 Na5 $132) 16... c6 17.
Ba4 b5 18. Bb3 c5 19. Ne2 c4 (19... cxd4 20. Nxd4 Nc5 21. Bc2 $14) 20. Bc2 a5
21. Kd2 $1 f5 $6 (21... b4 22. axb4 axb4 23. Rhc1 $14 {/\ Bd1, Ra8}) 22. exf5
exf5 23. Rhe1 {/\ Nf4} Kf7 $8 24. Nc3 $5 Ba6 $8 (24... b4 25. Nb5 Ra6 26. axb4
$16) 25. Bg3 $14 {1/2-1/2 Gurevich,M-Onischuk,A/Philadelphia 1994 (55)} (25. b4
axb4 26. axb4 Rd8 {/\ Nf6-d5})) 15. Bb5 $5 (15. Bc4 $143 c5 $5 (15... Rae8 16.
Ne2 N7f6 17. O-O-O Kh8 18. Rhe1 c5 19. dxc5 bxc5 20. Nf4 Nxf4 21. exf4 $16 {
0-1 Hebert,J-Mikanovic,G/Quebec Inv 1997 (44)}) (15... Rac8 $5 16. Ne2 c5 17.
e4 fxe4 18. fxe4 cxd4 19. Ba2 N5f6 20. Bxe6+ Kh8 $10) 16. Ne2 Rac8 17. Bb5 (17.
Bb3 $5 c4 18. Ba4 b5 19. Bc2 a5 20. Nc3 b4 21. Nxd5 exd5 22. axb4 axb4 23. Ra7
Bc6 24. O-O b3 25. Bb1 g6 $14 {Ziegler,A-Barkhagen,J/SVE-ch 1997/1/2-1/2 (66)})
17... Rfd8 $5 (17... Bc6 $5 18. Ba6 Rce8 (18... Rb8 $5 19. Bd3 b5 20. dxc5 Nxc5
21. Bc2 Na4 22. b3 Nac3 23. e4 fxe4 24. fxe4 Rxf2 25. Kxf2 Rf8+ 26. Ke1 Ne3 27.
Nxc3 Nxc2+ 28. Kd2 Nxa1 29. Rxa1 Rd8+ 30. Ke3 $11 {1/2-1/2 Lutz,C-Sax,G/BL9293
1993 (33)}) 19. Rc1 (19. Bc4 $14) 19... b5 20. dxc5 e5 21. a4 Nb4 22. axb5 Nxc5
23. O-O Nbxa6 24. bxc6 {1/2-1/2 Olafsson,H-Petursson,M/Reykjavik 1992}) (17...
Rf7 18. O-O a6 19. Bd3 b5 20. Rac1 (20. e4 fxe4 21. fxe4 Nf4 22. Nxf4 Rxf4 23.
Be3 Rxf1+ 24. Rxf1 c4 25. Bc2 Nf6 $10) 20... c4 21. Bc2 e5 (21... a5 $6 22. Nc3
b4 23. axb4 axb4 24. Nb5 $14) 22. dxe5 (22. e4 fxe4 23. Bxe4 $1 exd4 24. Bxd4
$14 {^^}) 22... Nxe5 23. Rfd1 Re8 24. Nc3 $14 {Gurevich,M-Karpov,An/
Linares1991,/47/}) 18. Rd1 a6 19. Bd3 b5 20. O-O c4 21. Bc2 a5 22. e4 fxe4 23.
fxe4 N5f6 $13 {1/2-1/2 Drasko,M-Georgiev,K/JUG-Cup qual 1991 (46)}) (15. Bd3 e5
(15... c5 $6 16. Bb5 N5f6 17. Ne2 a6 18. Bd3 g6 19. O-O e5 20. dxe5 Nxe5 21.
Bc2 Kg7 22. b4 cxb4 23. axb4 Rfc8 24. Bb3 Bd5 25. Bxd5 Nxd5 26. e4 Nxb4 27.
exf5 b5 28. f4 Ned3 29. Bd4+ Kh7 30. fxg6+ Kxg6 31. Rad1 $13 {1-0 Ivanov,
S-Cosma,I/Berliner Sommer 1993 (42)}) 16. Ne2 Rae8 17. O-O exd4 18. exd4 N7f6 (
18... Re7 $143 19. Rfe1 Rf6 20. Nc3 Kf8 21. Rxe7 Kxe7 22. Re1+ Kd8 23. Bc4 $14
{1-0 Jelen,I-Palac,M/Bled op 1996 (36)}) 19. Rfe1 f4 20. Bg6 Re7 21. Nc3 Rd7
22. Bf5 Rdd8 23. Re5 Rfe8 24. Rae1 Kf8 25. Bg6 Rxe5 26. dxe5 Ng8 27. Nb5 $1 (
27. Bh4 $6 Nge7 28. Be4 g5 29. Bf2 Nxc3 30. Bxb7 Nd1 31. Re2 Nxb2 32. h4 Rd1+
33. Kh2 Nd3 34. hxg5 hxg5 35. Kh3 Rf1 36. Bd4 Nf5 37. Rd2 Ne3 {0-1 Salov,
V-Anand,V/Paris Immopar rapid 1991}) 27... Nge7 (27... a6 $2 28. Nd4 Rb8 29.
Ne6+ Ke7 30. Nxg7 $18) 28. Be4 Nc6 29. Bxd5 (29. e6 $5) 29... Rxd5 30. Nxc7
Rxe5 31. Ne6+ Ke7 32. Nxg7 $16 {1-0 Oskulski,J-Gorny,A/corr 1996 (47)}) 15...
c6 16. Bd3 (16. Bc4 $5 Kh8 $5 {/\e5} (16... c5 17. Ne2 Rac8 18. Bb5 N7f6 (18...
Rfd8 19. O-O a6 20. Ba4 cxd4 21. Nxd4 Nc5 22. Bc2 a5 23. Rfe1 Ba6 24. Rad1 g6
25. Bg3 a4 26. Rd2 Bc4 27. Kf2 Nf6 28. Red1 Rd5 29. Ne2 Nb3 30. Rxd5 Nxd5 31.
Bb1 $14 {Sadler,M-Hjartarson,J/Linares op 1995/1/2-1/2 (53)}) (18... Bc6 $5 19.
Bxc6 Rxc6 20. dxc5 bxc5 21. O-O-O Ne5 22. Nf4 c4 23. Kc2 Nd3 $1 $36 {0-1
Pribyl,M-Stohl,I/BL9596 1996 (45)}) 19. dxc5 Rxc5 20. Bd3 Rcc8 21. Nd4 Rfe8 22.
O-O Rcd8 23. Bb5 Re7 24. Rfd1 $14 {Ruzele,D-Urday,H/Berliner Sommer 1995/1/2-1/
2 (52)}) 17. Ne2 e5 18. O-O Rae8 19. Rfe1 e4 20. Bxd5 cxd5 21. Rac1 Rc8 22. Nf4
Rfe8 23. h4 $14 {1-0 Sadler,M-Reeh,O/Arnold Cup 1994 (45)}) (16. Ba4 $5 e5 $5 (
16... b5 17. Bc2 (17. Bb3 $6 {Dautov} c5 18. Ne2 c4 19. Bc2 e5 20. e4 fxe4 21.
fxe4 Nf4 22. Nxf4 Rxf4 23. d5 Nf6 24. g3 Rxe4+ 25. Bxe4 Nxe4 26. Rd1 Nf6 $10)
17... b4 $6 (17... c5 $2 18. dxc5 Nxc5 19. e4 $18) (17... e5 18. Ne2 $16) (
17... Rac8 $5 18. b4 a5) (17... N7b6 $6 {Dautov} 18. e4 fxe4 19. fxe4 Nf6 20.
Nf3 $16) 18. Ne2 bxa3 19. Rxa3 $16 {Lautier,J-Timman,J/Wijk cm6 1994/1/2-1/2 
(59)}) (16... Rfd8 $5 {[/\17...c5,18...Rac8<=>[+]]} 17. Ne2 c5 18. O-O-O $5 (
18. Bxd7 Rxd7 19. dxc5 bxc5 20. Rc1 Rc8 $10 {(/\21...c4<=><<)}) (18. O-O $5 Ba6
19. Rfe1 cxd4 20. Nxd4 Nc5 21. Bc2 $14) 18... Rac8 19. Kb1 g6 $1 {[/\20...cxd4
21.Nxd4 Nc5 22.Bc2 e5<=>[+]]} (19... cxd4 20. Nxd4 Nc5 21. Bc2 $14) (19... Ba6
20. Rhe1 $14) 20. Rhe1 {^^_|_/} cxd4 21. Nxd4 (21. exd4 {/\ ><e6/} Kf7 $10)
21... Nc5 22. Bc2 e5 $10 23. Ne2 $6 (23. Nb3 $5 {/\ e4/} Ne6 $6 24. e4 fxe4 25.
Rxe4 $1 Nef4 26. Rxe5 Nxg2 27. Rg1 Ndf4 28. Bxg6 Bxf3 29. Be4 Bxe4+ 30. Rxe4
$16) 23... Ba6 $1 {[/\24...e4,25...Bd3]} (23... e4 $5 24. Nd4 Ba6 $132 {/\ Nd3/
}) 24. Nc1 (24. e4 fxe4 25. fxe4 Nf6 26. Nc3 Nd3 $132) 24... Kg7 $5 {[/\25...
Kf6]} (24... e4 25. Bg3 $5 $14 {(/\26.Be5,27.b4)}) (24... Nf6 $5 25. Bg3 e4 26.
Rxd8+ Rxd8 27. Be5 Kf7 $14) 25. Bh4 $5 (25. e4 $5 fxe4 26. Bxc5 $14 {/\ Be4/})
25... Rd7 (25... g5 $6 26. Bxf5 Nxe3 27. Rxd8 Rxd8 28. Rxe3 gxh4 29. Rxe5 Kf6
30. f4 Rd2 $44) (25... Nf6 26. Bg3 e4 27. Be5 $14) 26. e4 fxe4 27. Bxe4 (27.
fxe4 Nf4 $132) 27... Bc4 (27... Nf4 $5 28. Rxd7+ Nxd7 29. Bg3 Nc5 30. Bc2 Kf6
31. Rd1 $36) 28. Bc2 (28. Bxd5 Bxd5 29. Rxe5 Be4+ $19) 28... Re8 (28... Nf4 $5
29. Rxd7+ Nxd7 30. Rd1 Be6 $14) 29. Ka1 $1 {[/\30.b4,31.Kb2]} (29. Bf2 Nf4 30.
Rxd7+ Nxd7 31. g3 $14) (29. b4 $2 Nc3+ $19) (29. Bg3 Rde7 $14) 29... g5 $6 $138
(29... Nf4 30. Rxd7+ Nxd7 31. Rd1 Nf6 $10) 30. Bf2 Kf6 $2 (30... Nf6 31. Rxd7+
Ncxd7 $16 {^^ ><e5/}) 31. Bxc5 bxc5 32. Ba4 {( Gagarin);1-0 Gurevich,M-Garcia
Ilundain,D/Linares zt 1995}) 17. Ne2 Rae8 18. O-O-O $5 (18. Kd2 exd4 (18... b5
19. Bb3 c5 20. dxc5 Nxc5 21. Ba2 Na4 22. Rhc1 Kh8 23. Rc2 g5 24. Rd1 $14 {
1-0 Akesson,R-Wedberg,T/SVE-chT 9596 1996 (49)}) (18... Re7 {/\ c5~~}) 19. Nxd4
Ne5 20. Rhc1 Rf6 21. b4 Rd8 22. f4 Ng4 23. Bg1 Rf7 24. Bxc6 $14 {Rychagov,
A-Arbakov,V/Moscow-ch op 1995/0-1 (63)}) (18. O-O $6 exd4 19. Nxd4 Nxe3 20.
Rfe1 f4 21. Bxc6 Bxc6 22. Nxc6 Ne5 $10) 18... e4 19. Nc3 (19. fxe4 $2 fxe4 $15)
19... N7f6 (19... Nxc3 $1) 20. Rhe1 Rc8 $5 {/\ c5} (20... Kh8 $5) (20... Re6 $5
) 21. Nxd5 cxd5+ 22. Kd2 Bc6 $10 23. Bb3 Bb5 24. Rc1 Bc4 (24... a5 $142 {/\}
25. Bg3 Bc4 26. Bc2 Rc6 27. Be5 Rfc8) 25. Ba4 a5 $2 (25... Bd3 $8 {/\} 26. Bc6
Bc4) 26. b3 $1 $16 {Lautier,J-Timman,J/Wijk aan Zee (m8) 1994/1/2-1/2 (85)})
16... e5 (16... c5 $143 17. Ne2 Rac8 18. O-O c4 19. Bc2 $14) 17. Ne2 Rae8 18.
Rc1 $6 $146 (18. O-O exd4 $142 (18... e4 19. fxe4 fxe4 20. Bc4 N7f6 (20... b5
21. Bxd5+ $5 cxd5 22. Rfc1 Rc8 23. Nf4 $14) 21. h3 Bc8 22. Nf4 Kh7 23. Nxd5
Nxd5 24. Rfe1 Be6 25. Rac1 Rf6 26. Bg3 $1 $16 {1/2-1/2 Alterman,B-Psakhis,L/
Israel (ch) 1994 (52)}) 19. exd4 Nb8 (19... f4 $6 20. Rfe1 $14 {/\ Rac1 ץb7})
20. Nc3 Ba6 21. Bxa6 Nxa6 22. Nxd5 cxd5 23. Rac1 Rf7 24. Rc2 Rc7 25. Rxc7 Nxc7
26. Bg3 Ne6 27. Re1 Kf7 28. Re5 Nxd4 {1/2-1/2 Leitao,R-Lima,D/BRA-ch 1996})
18... exd4 19. exd4 N7f6 $11 20. O-O (20. Kd2 $2 Ne4+ $1 $15 {[%csl Rd3,Rf2]})
20... Re7 (20... g6 $5 $11 21. Rfe1) 21. Bg3 {[%cal Gg3d6]} Rd8 22. Rfe1 f4 $1
23. Nxf4 (23. Nxf4 Rxe1+ 24. Rxe1 Nxf4 25. Bxf4 Rxd4 26. Re7 Rxd3 (26... Bc8 $2
27. Be4 $14) 27. Rxb7 $11) 1/2-1/2

[Event "Breda m"]
[Site "Breda"]
[Date "1998.05.14"]
[Round "7"]
[White "Van Wely, Loek"]
[Black "Timman, Jan H"]
[Result "1/2-1/2"]
[WhiteElo "2605"]
[BlackElo "2635"]
[Annotator "Golod,V"]
[PlyCount "63"]
[EventDate "1998.05.07"]
[EventType "match"]
[EventRounds "10"]
[EventCountry "NED"]
[SourceTitle "CBM 065"]
[Source "ChessBase"]
[SourceDate "1998.08.06"]
[SourceVersion "1"]
[SourceVersionDate "1998.08.06"]
[SourceQuality "1"]

1. Nf3 Nf6 2. c4 e6 3. Nc3 Bb4 4. Qc2 O-O 5. a3 Bxc3 6. Qxc3 d6 7. d4 b6 8. Bg5
$5 (8. g3 $5 Bb7 9. Bg2 Nbd7 10. O-O Qe7 (10... Ne4 $6 11. Qc2 f5 12. Ng5 $1
Nxg5 13. Bxb7 Rb8 14. Bc6 Nf7 15. Qa4 $16 {Agzamov,G-Govashelishvili,G/URS-chT
1975/1-0 (48)}) (10... a5 $5 11. b3 Qe7 12. Bb2 Be4 $5 (12... Rfe8 $143 13.
Rfe1 c5 14. Rad1 d5 15. Ne5 cxd4 16. Qxd4 Nxe5 17. Qxe5 dxc4 18. Bxb7 Qxb7 19.
Rd4 c3 20. Bxc3 Nd5 21. Bb2 $14 {1-0 Psakhis,L-Kholmov,R/URS-FL 1984 (42)}) 13.
Rfe1 c5 14. Rad1 Rfd8 15. a4 Rac8 16. Qe3 Re8 17. Rc1 d5 18. cxd5 exd5 19. Nd2
Qe6 20. Bxe4 dxe4 {1/2-1/2 Alterman,V-Razuvaev,Y/URS Spartakiad 1979}) (10...
c5 $5 11. dxc5 Nxc5 12. b4 Nce4 13. Qd4 Rc8 14. Bb2 e5 15. Qd3 Ba6 16. Rac1 Qc7
17. Bh3 Bxc4 18. Bxc8 Rxc8 19. Qe3 b5 20. Rfd1 Re8 21. a4 Qb7 22. Nxe5 dxe5 23.
f3 h6 24. fxe4 Nxe4 25. a5 Ng5 {1/2-1/2 Granda Zuniga,J-Anand,V/Wijk 1989}) 11.
b3 e5 12. d5 a5 13. Nh4 Nc5 14. Bb2 Rfe8 15. Qc2 b5 16. Nf5 Qf8 17. f4 $40 {
1-0 Uhlmann,W-Larsen,B/Hastings 1972 (32)}) 8... Bb7 9. Nd2 Nbd7 (9... h6 $5
10. Bh4 Nbd7 11. f3 d5 12. cxd5 exd5 13. e3 Re8 14. Bf2 c5 15. Bb5 a6 16. Bd3
cxd4 17. Qxd4 Nc5 $11 18. O-O Nxd3 19. Qxd3 Nd7 20. Qd4 Qe7 21. Rac1 Rac8 22.
Rfd1 Qe6 23. Nf1 Qe5 24. Qxe5 Nxe5 25. b3 Rxc1 26. Rxc1 Rc8 27. Rxc8+ Bxc8 28.
Ng3 Be6 29. Ne2 Nc6 30. Nd4 {1/2-1/2 Lerner,K-Almasi,Z/Vienna op 1996}) 10. f3
d5 (10... c5 $5 11. e4 Re8 (11... cxd4 $5 12. Qxd4 Qc7 13. Be2 d5 14. exd5 exd5
15. O-O Rac8 16. Rfe1 Rfe8) 12. Bd3 Qc7 13. O-O cxd4 14. Qxd4 Qc5 15. Be3 e5
16. Qxc5 dxc5 17. b4 a5 18. Rfb1 axb4 19. axb4 Rxa1 20. Rxa1 $14 {1/2-1/2
Hillarp Persson,T-Backe,P/26th Rilton Cup, Stockholm SWE 1998 (40)}) (10... h6
11. Bh4 c5 $5 (11... Rc8 $5 {[%cal Gc7c5]} 12. e4 c5 (12... Nxe4 $2 13. Bxd8
Nxc3 14. Bh4 Na4 15. b3 $18) 13. Bd3 (13. dxc5 $143 Nxc5 14. Qd4 e5 15. Qg1 Ne6
16. O-O-O Qe7 17. Kb1 Rc7 18. Bf2 $13) (13. Bf2 $143 Qe7 14. Be2 Nh5 15. g3 f5
$36) 13... d5 (13... cxd4 $5 14. Qxd4 Ne5 15. Be2 Ng6 16. Bxf6 Qxf6 17. Qxf6
gxf6 18. g3 d5 $11) (13... Nxe4 $4 14. Bxe4 Qxh4+ 15. g3 $18) 14. exd5 (14. e5
$143 g5 15. Bf2 dxc4 16. Bxc4 Nd5 $13) (14. Bg3 $2 dxe4 15. Nxe4 Nxe4 16. Bxe4
Bxe4 17. fxe4 Nf6 $17 {[%csl Rd4,Re4]}) (14. dxc5 $2 Nxe4 $1 15. Nxe4 Qxh4+ 16.
g3 Qe7 17. Nd6 Rxc5 18. Nxb7 Rc7 $17) 14... exd5 15. O-O {+/=/=Kasparov,
G-Kramnik,V/Linares 1998/1/2-1/2 (52)}) (11... e5 $5) (11... d5 $5) 12. e4 (12.
e3 $143 Qc7 13. dxc5 Qxc5 14. b4 Qh5 $15) 12... cxd4 (12... Re8 13. Bf2 cxd4
14. Qxd4 Qc7 15. Bg3 Ne5 16. h3 Rad8 17. Be2 Nh5 18. Bh2 Ng6 $15 {0-1
Lorscheid,G-Stocek,J/FSGM June, Budapest HUN 1998 (41)}) 13. Qxd4 Qc7 14. Be2
Rac8 15. O-O Qc5 16. Bf2 Qxd4 17. Bxd4 Rc7 18. b4 Rfc8 19. Rfd1 $14 {1-0
Kasparov,G-Psakhis,L/Informal Game g/5, ICC 1998 (48)}) 11. e3 Re8 $5 $146 (
11... c5 $5 12. dxc5 bxc5 (12... Nxc5 $2 13. cxd5 Bxd5 14. e4 Bb7 15. e5 h6 16.
exf6 hxg5 17. fxg7 Re8 18. Bb5 Rc8 19. Rd1 $16) 13. Bd3 Qb6 (13... h6 $5 14.
Bh4 Qb6 15. Bf2 a5 16. b3) 14. O-O $14 {1/2-1/2 Kramnik,V-Anand,V/Linares 1998
(33)}) (11... Rc8 $143 $146 12. cxd5 exd5 13. Bd3 h6 14. Bh4 Qe7 15. Bf5 Rce8
16. Bxd7 Qxd7 17. Bxf6 gxf6 18. Kf2 Re7 19. Nf1 $14 {1-0 Van Wely,L-Timman,J/
Breda m(5) 1998 (38)}) 12. Bd3 $5 {/\0-0} h6 13. Bh4 e5 $1 {+/=/=} 14. O-O (14.
dxe5 $143 Nxe5 15. Be2 Ne4 $1 $36 {[%csl Rc3,Rh4][%cal Ge4c3,Gd8h4]}) 14...
exd4 (14... c5 $5 15. Rfe1 $5) 15. exd4 dxc4 (15... c5 $5 16. Rae1 Qc7 17. Bg3
cxd4 18. Qxd4 Qc5 $11) 16. Nxc4 {[%csl Re5][%cal Gc4e5]} Nf8 $5 {[%cal Gf8e6]}
17. Ne5 Ne6 $5 {><d4;/\Nd5} (17... Nd5 $6 18. Bxd8 Nxc3 19. Bh4 (19. Bxc7 $6
Nd5 20. Bd6 Ne6 {/\Rad8=}) 19... Nd5 20. Rfe1 $14) 18. Bc4 $5 (18. Ng4 $143 Nd5
$1 (18... Ng5 $6 19. Nxf6+ (19. Bxg5 $2 hxg5 20. Ne5 c5 $1 $36) 19... Qxf6 20.
Bg3 $14) 19. Bxd8 (19. Qe1 $2 Ne7 $1 $15 {[%csl Rd4]}) 19... Nxc3 20. Bxc7 Nd5
21. Bg3 Nxd4 {+/=/=}) 18... Nd5 $1 19. Bxd8 $8 (19. Qe1 $6 Qd6) (19. Bxd5 $2
Qxd5 20. Bf2 Nf4 $17) 19... Nxc3 20. bxc3 (20. Bxc7 $6 Nd5 $8 (20... Na4 $2 21.
Bxe6 Rxe6 22. Rfc1 $1 Nxb2 23. Rab1 Na4 24. Rb4 f6 25. Rxa4 fxe5 26. Bxe5 $16)
21. Bd6 (21. Bxd5 Bxd5 22. Rac1 (22. Bd6 $2 Rad8 23. Bb4 Nxd4 $17 {[%csl Re5]
[%cal Gd4c2]}) 22... f6 23. Ng6 Nxd4 24. Rcd1 Bf7 $11) 21... Red8 $1 (21...
Rad8 $2 22. Bb5 $18 {[%csl Re8]}) 22. Bb4 Nxb4 23. axb4 Rxd4 $11 {[%cal Gb7d5]}
) 20... Raxd8 {+/=/=} 21. f4 $5 {[%csl Rf7][%cal Gf4f5]} (21. Rfe1 $144 $5 Bd5
22. Bb5 Re7) 21... Bd5 $8 (21... f6 $2 22. Rae1 (22. f5 $1 Bd5 23. Bb5 {
[%csl Re6,Re8]} fxe5 24. Bxe8 Rxe8 (24... Nf4 $2 25. Bb5 $18) 25. fxe6 exd4 26.
Rad1 Bxe6 (26... Bc4 27. Rf4) 27. Rxd4 {+/=/+/-})) 22. Bb5 Re7 23. Bc6 $5 (23.
Nc6 $143 Bxc6 24. Bxc6 Rd6 $11) (23. f5 $5 $14 {[%cal Gf5f6]}) 23... Nf8 $2 (
23... a5 $5) 24. Bxd5 Rxd5 25. Nc6 (25. Rfe1 $6 Rd6 $11) 25... Re6 26. c4 $6 (
26. Nxa7 $1 Re3 $5 (26... Ra5 27. f5 $1 {[%csl Yc6,Yc8,Re6][%cal Ga7c8,Ga7c6]}
Rd6 28. Nc8 Rd7 29. Rfe1 $1 f6 30. Re3 Kf7 31. Rae1 Rxa3 32. g4 $14 (32. Re7+
$5 Kg8 33. Rxd7 Nxd7 34. Re7 Ra8 35. Rxd7 Rxc8 36. g4 $14 (36. d5 $5))) 27.
Rfc1 $5 $11 (27. Rac1 $2 Ra5 28. Nc6 Rxa3 $15) (27. Nc6 Rd6 28. Rf3 Rxf3 29.
Ne7+ Kh7 30. gxf3 {+/=/=})) 26... Rdd6 27. d5 Re4 $11 28. Rac1 a6 29. g3 Nd7 $5
{/\Kf8} 30. Rfe1 Rxe1+ 31. Rxe1 Kf8 32. Kf2 {(32.Kf2 b5! 33.cbab 34.Nb4Nb6 35.
Rc1=)} 1/2-1/2